| 000 | 00886nam a2200289 a 4500 | ||
|---|---|---|---|
| 001 | 60991 | ||
| 003 | BD-RjUL | ||
| 005 | 20211209080917.0 | ||
| 008 | 170105s1987 nyua b 001 0 eng | ||
| 020 |
_a0394521900 : _c$19.95 |
||
| 020 | _a0394756568 | ||
| 035 | _a(BD-RjUL)61115 | ||
| 040 |
_aDLC _cDLC _dDLC _beng |
||
| 041 | _aeng | ||
| 082 | 0 | 0 |
_a398.20952 _bJAP 1987 |
| 245 | 0 | 0 |
_aJapanese tales / _cselected, edited, and translated by Royall Tyler. |
| 250 | _a1st ed. | ||
| 260 |
_aNew York : _bPantheon Books, _cc1987. |
||
| 300 |
_alvi, 340 p. : _bill. ; _c24 cm. |
||
| 490 | 1 | _aPantheon fairy tale and folklore library | |
| 504 | _aIncludes Bibliography: p. [331]-332. and index. | ||
| 650 | 0 |
_aTales _zJapan. _9181897 |
|
| 700 | 1 |
_aTyler, Royall. _9181898 |
|
| 830 | 0 |
_aPantheon fairy tale & folklore library. _9181899 |
|
| 942 |
_2ddc _cBK |
||
| 999 |
_c60991 _d60991 |
||